[Event "FRA-ch op-C"]
[Site "Nimes"]
[Date "2018.08.25"]
[Round "8"]
[White "Chemier, Maxime"]
[Black "Fischer, Thorange"]
[Result "1/2-1/2"]
[WhiteElo "1626"]
[BlackElo "1577"]
[PlyCount "139"]
[EventDate "2018.08.18"]
[EventType "swiss"]
[EventRounds "9"]
[EventCountry "FRA"]
[SourceTitle "EXT 2020"]
[Source "ChessBase"]
[SourceDate "2019.10.17"]
[SourceVersion "1"]
[SourceVersionDate "2019.10.17"]
[SourceQuality "1"]

1. e4 c5 2. Nf3 e6 3. d4 cxd4 4. Nxd4 Nf6 5. Nc3 Nc6 6. Bc4 Qc7 7. Bb3 a6 8. a3 Nxd4 9. Qxd4 Bc5 10. Qd1 b5 11. Bg5 Be7 12. 0-0 Bb7 13. Qd3 Ng4 14. Qh3 Bxg5 15. Qxg4 Bf6 16. Nd1 Bc6 17. c3 0-0 18. Ne3 a5 19. Nc2 Qb7 20. Rfe1 d5 21. e5 Be7 22. Nd4 b4 23. axb4 axb4 24. Nxc6 Qxc6 25. c4 dxc4 26. Bxc4 Rxa1 27. Rxa1 Ra8 28. Rd1 Bc5 29. Qe2 Qb6 30. b3 Bd4 31. Kf1 h6 32. Qe4 Rd8 33. Qd3 Kf8 34. f4 Ke7 35. Ke2 Qa7 36. Qd2 Qb7 37. Kf1 Qb6 38. Qd3 Qc5 39. Ke2 Qa7 40. Qd2 Qb7 41. Kf1 Qb6 42. Qd3 Qa7 43. Ke2 Bb6 44. Qf3 Qa2+ 45. Ke1 Bf2+ 46. Kf1 Rxd1+ 47. Qxd1 Bc5 48. Qf3 Kd8 49. Ke1 Kc7 50. Qe2 Qb1+ 51. Kd2 Qb2+ 52. Kd1 Qa1+ 53. Kc2 Qc3+ 54. Kd1 Be3 55. Qc2 Qxc2+ 56. Kxc2 Bxf4 57. h3 Bxe5 58. Kd3 Kd6 59. g4 f5 60. Ke3 f4+ 61. Ke4 g5 62. Kf3 Bc3 63. Ke4 f3 64. Kxf3 Ke5 65. Ke3 Bd4+ 66. Kf3 Bc5 67. Kg3 Be3 68. Kf3 Bf4 69. Ke2 Bg3 70. Kf3 1/2-1/2

[Event "FRA-ch op-C"]
[Site "Nimes"]
[Date "2018.08.21"]
[Round "4"]
[White "Chemier, Maxime"]
[Black "Lebret, Loriane"]
[Result "1/2-1/2"]
[WhiteElo "1626"]
[BlackElo "1696"]
[PlyCount "83"]
[EventDate "2018.08.18"]
[EventType "swiss"]
[EventRounds "9"]
[EventCountry "FRA"]
[SourceTitle "EXT 2020"]
[Source "ChessBase"]
[SourceDate "2019.10.17"]
[SourceVersion "1"]
[SourceVersionDate "2019.10.17"]
[SourceQuality "1"]

1. e4 g6 2. d4 Nf6 3. Nc3 d5 4. e5 Ne4 5. Nxe4 dxe4 6. Bc4 c5 7. dxc5 Qa5+ 8. c3 Qxc5 9. Qd5 Qxd5 10. Bxd5 Nd7 11. e6 fxe6 12. Bxe4 Nc5 13. Bc2 Bg7 14. Bg5 Bd7 15. Ne2 e5 16. Ng3 Bc6 17. 0-0 Ne6 18. Be3 Nf4 19. f3 0-0 20. Rad1 b6 21. Ne4 Rad8 22. Ng5 Bf6 23. Bxf4 Rxd1 24. Rxd1 exf4 25. Ne6 Rc8 26. Nxf4 e5 27. Nd3 e4 28. fxe4 Bxe4 29. Bb3+ Kg7 30. Nf4 Bf5 31. h3 Rd8 32. Re1 Rd2 33. Re2 Rxe2 34. Nxe2 Bg5 35. Bc4 Be3+ 36. Kf1 Be4 37. a4 Bc6 38. Bb5 Bxb5 39. axb5 Kf6 40. Ng3 Ke5 41. Ke2 Bf4 42. Nf1 1/2-1/2